UBT Library

ISAAC NEWTON ADVENTURER IN THOUGHT (Record no. 60673)

000 -LEADER
fixed length control field 00352nam a22001457a 4500
008 - FIXED-LENGTH DATA ELEMENTS--GENERAL INFORMATION
fixed length control field 250422b ||||| |||| 00| 0 eng d
020 ## - INTERNATIONAL STANDARD BOOK NUMBER
International Standard Book Number 9780631179061
041 ## - LANGUAGE CODE
Language code of text/sound track or separate title eng
080 ## - UNIVERSAL DECIMAL CLASSIFICATION NUMBER
Edition identifier 1992
Universal Decimal Classification number 101HAL
082 ## - DEWEY DECIMAL CLASSIFICATION NUMBER
Edition number 101HAL
Classification number 101HAL
100 ## - Rafti
Rafti 42
101 ## - Shkurtesa
Shkurtesa FILOZOFI
245 ## - TITLE STATEMENT
Title ISAAC NEWTON ADVENTURER IN THOUGHT
Statement of responsibility, etc A.RUPERT HALL
942 ## - ADDED ENTRY ELEMENTS (KOHA)
Source of classification or shelving scheme
Item type Books
Holdings
Withdrawn status Lost status Source of classification or shelving scheme Damaged status Not for loan Permanent location Current location Date acquired Total Checkouts Full call number Barcode Date last seen Price effective from Koha item type
          UBT - Prishtine UBT - Prishtine 04/22/2025   101HAL 002-800070999132 04/22/2025 04/22/2025 Books
UBT Library © 2015-2024. All rights reserved University Education for Business and Technology